[Event "Minsk op"]
[Site "Minsk"]
[Date "2023.11.09"]
[Round "7"]
[White "Shrubok, Herman"]
[Black "Poukh, Pavel"]
[Result "0-1"]
[WhiteElo "1241"]
[BlackElo "1600"]
[PlyCount "166"]
[EventDate "2023.11.03"]
[EventType "swiss"]
[EventRounds "9"]
[EventCountry "BLR"]
[SourceTitle "CB46_2023"]
[SourceDate "2023.11.15"]
[SourceVersion "1"]
[SourceVersionDate "2023.11.15"]
[SourceQuality "1"]

1. e4 c5 2. c3 d5 3. exd5 Qxd5 4. d4 Nf6 5. Nf3 Bg4 6. Be2 e6 7. 0-0 Be7 8. h3 Bh5 9. Be3 cxd4 10. Nxd4 Bxe2 11. Qxe2 0-0 12. Rd1 Rd8 13. c4 Qa5 14. Nc3 Bb4 15. Nb3 Rxd1+ 16. Rxd1 Qc7 17. Nb5 Qe7 18. a3 a6 19. axb4 axb5 20. Bc5 Qc7 21. cxb5 h6 22. b6 Qc8 23. Rc1 Qe8 24. Na5 Nbd7 25. Nxb7 Qb8 26. Nd6 Nxb6 27. Ne4 Nxe4 28. Qxe4 Nd5 29. Qc4 Qe5 30. Bd4 Qg5 31. Rd1 Nf4 32. Qc6 Rd8 33. Qf3 Nd5 34. Be3 Nxe3 35. Rxd8+ Qxd8 36. fxe3 Qd2 37. Qa8+ Kh7 38. Qe4+ g6 39. Qd4 Qc1+ 40. Kh2 Qc7+ 41. Qf4 e5 42. Qg3 Qb8 43. Qf3 Kg7 44. Qe4 f5 45. Qc4 e4+ 46. Kh1 Kf6 47. Qc6+ Kg5 48. h4+ Kh5 49. g4+ fxg4 50. Qxe4 Qg3 51. b5 Qxh4+ 52. Kg1 Qe1+ 53. Kh2 Qf2+ 54. Kh1 Qf1+ 55. Kh2 Qxb5 56. Kg3 Qb8+ 57. Qf4 Qc8 58. b4 Qe6 59. b5 g5 60. Qd4 Qf5 61. Qd1 Qe5+ 62. Kf2 Qh2+ 63. Ke1 Qh1+ 64. Ke2 Qf3+ 65. Kd2 Qd5+ 66. Kc2 Qc5+ 67. Kd2 Qb4+ 68. Kc2 Qxb5 69. Qh1+ Kg6 70. Qa8 Qe2+ 71. Kb1 Qxe3 72. Qg8+ Kh5 73. Qf7+ Kh4 74. Qf8 h5 75. Qf1 g3 76. Qh1+ Kg4 77. Qd1+ Qf3 78. Qa4+ Kh3 79. Qd7+ g4 80. Qh7 h4 81. Qc2 Qf2 82. Qc1 g2 83. Qa3+ g3 0-1

[Event "Minsk op"]
[Site "Minsk"]
[Date "2023.11.07"]
[Round "5"]
[White "Bahdanovich, Mikhail"]
[Black "Poukh, Pavel"]
[Result "1-0"]
[WhiteElo "1568"]
[BlackElo "1600"]
[PlyCount "65"]
[EventDate "2023.11.03"]
[EventType "swiss"]
[EventRounds "9"]
[EventCountry "BLR"]
[SourceTitle "CB46_2023"]
[SourceDate "2023.11.15"]
[SourceVersion "1"]
[SourceVersionDate "2023.11.15"]
[SourceQuality "1"]

1. Nf3 d5 2. c4 e6 3. g3 Nf6 4. Bg2 Be7 5. 0-0 0-0 6. cxd5 exd5 7. d4 c6 8. Nc3 Nbd7 9. Rb1 Re8 10. b4 Nb6 11. Ne5 Bf5 12. Rb3 Bd6 13. Bf4 Nh5 14. e3 Nxf4 15. gxf4 a5 16. b5 a4 17. Nxa4 Nxa4 18. bxc6 bxc6 19. Nxc6 Qh4 20. Bxd5 Be6 21. Bxe6 Rxe6 22. Qf3 Rc8 23. Rc1 Rce8 24. Kh1 Rh6 25. Qg2 Rg6 26. Qf3 Bf8 27. Ne5 Rb6 28. Rxb6 Nxb6 29. Qb7 Qf6 30. Rc6 Re6 31. Qxb6 Qh4 32. Rxe6 Qxf2 33. Qa6 1-0

[Event "Minsk op"]
[Site "Minsk"]
[Date "2023.11.05"]
[Round "3"]
[White "Zhukov, Roman"]
[Black "Poukh, Pavel"]
[Result "1-0"]
[WhiteElo "1365"]
[BlackElo "1600"]
[PlyCount "95"]
[EventDate "2023.11.03"]
[EventType "swiss"]
[EventRounds "9"]
[EventCountry "BLR"]
[SourceTitle "CB46_2023"]
[SourceDate "2023.11.15"]
[SourceVersion "1"]
[SourceVersionDate "2023.11.15"]
[SourceQuality "1"]

1. d4 d5 2. c4 e6 3. Nf3 Nf6 4. g3 Be7 5. Bg2 0-0 6. 0-0 Nbd7 7. Nc3 c6 8. Nd2 b6 9. e4 Bb7 10. cxd5 exd5 11. e5 Ne8 12. Nf3 Rc8 13. Re1 Ba6 14. Bf4 Nc7 15. h4 Re8 16. Bf1 Nf8 17. h5 Bxf1 18. Rxf1 f6 19. Qd3 fxe5 20. Nxe5 Bg5 21. Bxg5 Qxg5 22. Qf3 Qf6 23. Qg4 Na6 24. a3 Nb8 25. Rac1 Nfd7 26. Nxd7 Nxd7 27. Nxd5 cxd5 28. Rxc8 Rxc8 29. Qxd7 Rd8 30. Qg4 h6 31. Kg2 Re8 32. f3 Rf8 33. Rf2 Rf7 34. Qc8+ Kh7 35. Qg4 Rc7 36. Re2 Rc6 37. f4 Qf7 38. f5 Rf6 39. Qg6+ Qxg6 40. fxg6+ Kg8 41. Re8+ Rf8 42. Re5 Rd8 43. Kf3 Kf8 44. Kf4 Rd6 45. Rf5+ Kg8 46. Ke5 Rd8 47. Ke6 Re8+ 48. Kxd5 1-0

[Event "Minsk op"]
[Site "Minsk"]
[Date "2023.11.03"]
[Round "1"]
[White "Arhipov, Roman"]
[Black "Poukh, Pavel"]
[Result "1-0"]
[WhiteElo "1563"]
[BlackElo "1600"]
[PlyCount "43"]
[EventDate "2023.11.03"]
[EventType "swiss"]
[EventRounds "9"]
[EventCountry "BLR"]
[SourceTitle "CB46_2023"]
[SourceDate "2023.11.15"]
[SourceVersion "1"]
[SourceVersionDate "2023.11.15"]
[SourceQuality "1"]

1. e4 c5 2. d4 cxd4 3. c3 dxc3 4. Nxc3 Nc6 5. Nf3 e6 6. Bc4 Bb4 7. 0-0 a6 8. Qe2 Nge7 9. Rd1 Ng6 10. a3 Be7 11. b4 0-0 12. Bb2 Qc7 13. Bb3 b5 14. Rac1 Bb7 15. Nd5 exd5 16. exd5 Rfe8 17. dxc6 Bxc6 18. Qc2 Qb7 19. Qf5 Rf8 20. Ng5 Bxg5 21. Qxg5 h6 22. Qxg6 1-0